Financial theory and corporate policy / (Record no. 1318)
[ view plain ]
| 000 -LEADER | |
|---|---|
| fixed length control field | 00807cam a22002532 4500 |
| 001 - CONTROL NUMBER | |
| control field | 0000023389 |
| 005 - DATE AND TIME OF LATEST TRANSACTION | |
| control field | 20151021151145.0 |
| 008 - FIXED-LENGTH DATA ELEMENTS--GENERAL INFORMATION | |
| fixed length control field | 121120s xx 000 0 eng d |
| 020 ## - INTERNATIONAL STANDARD BOOK NUMBER | |
| International Standard Book Number | 8131715246 : |
| 040 ## - CATALOGING SOURCE | |
| Original cataloging agency | KABU |
| Transcribing agency | KABU |
| 050 #0 - LIBRARY OF CONGRESS CALL NUMBER | |
| Classification number | HG4011 |
| Item number | .C67 2005 |
| 100 1# - MAIN ENTRY--PERSONAL NAME | |
| Personal name | Copeland, Thomas E. |
| -- | 0000152546 |
| 245 10 - TITLE STATEMENT | |
| Title | Financial theory and corporate policy / |
| Statement of responsibility, etc. | Thomas E. Copeland, J. Fred Weston, Kuldeep Shastri. |
| 250 ## - EDITION STATEMENT | |
| Edition statement | 4th ed. |
| 260 ## - PUBLICATION, DISTRIBUTION, ETC. (IMPRINT) | |
| Place of publication, distribution, etc. | New Delhi : |
| Name of publisher, distributor, etc. | Pearson, |
| Date of publication, distribution, etc. | c2005. |
| 300 ## - PHYSICAL DESCRIPTION | |
| Extent | 1022 p. |
| 650 #0 - SUBJECT ADDED ENTRY--TOPICAL TERM | |
| Topical term or geographic name as entry element | Finance. |
| -- | 0000148330 |
| 650 #0 - SUBJECT ADDED ENTRY--TOPICAL TERM | |
| Topical term or geographic name as entry element | Corporations |
| General subdivision | Finance. |
| -- | 0000007704 |
| 700 1# - ADDED ENTRY--PERSONAL NAME | |
| Personal name | Weston, John Fred. |
| -- | 0000151221 |
| 700 1# - ADDED ENTRY--PERSONAL NAME | |
| Personal name | Shastri, Kuldeep. |
| -- | 0000152547 |
| 852 1# - LOCATION | |
| -- | p3300 KES |
| 908 ## - PUT COMMAND PARAMETER (RLIN) | |
| Put command parameter | 121120 |
| 950 ## - LOCAL HOLDINGS (RLIN) | |
| -- | 1 |
| Withdrawn status | Lost status | Source of classification or shelving scheme | Not for loan | Home library | Current library | Date acquired | Total Checkouts | Full call number | Barcode | Date last seen | Date last checked out | Price effective from | Koha item type |
|---|---|---|---|---|---|---|---|---|---|---|---|---|---|
| Library of Congress Classification | Kabarak, Nakuru City Campus | Kabarak, Nakuru City Campus | 21/10/2015 | 1 | HG4011 .C67 2005b c. 1 | 014053 | 20/06/2019 | 14/05/2019 | 21/10/2015 | General Collection |